| 000 | 00638cam a22002174a 4500 | ||
|---|---|---|---|
| 005 | 20250605164259.0 | ||
| 008 | 250528s ||||||||||||||||||||||||d | ||
| 035 | _a22017 | ||
| 020 | _a9780071285902 | ||
| 040 |
_aGR-AtMCL _bgre _dGR-AtMCL _eAACR2 |
||
| 245 | 1 | _aCRAFTING AND EXECUTING STRATEGY / The /quest for Competitive Advantage: CONCEPTS AND CASES | |
| 250 | _a16 | ||
| 260 |
_bMcgraw Hill, _c2008 |
||
| 520 | _aCRAFTING CONCEPTS CRAFTING TECHNIQUES CASES | ||
| 700 | 1 |
_aGamble John E _97889 |
|
| 700 | 1 |
_aStrickland Iii A.J _97890 |
|
| 700 | 1 |
_aThompson Arthur _91601 |
|
| 942 | _cBK | ||
| 999 |
_c7073 _d7073 |
||